000 00451nam a2200181Ia 4500
001 13314
005 20260306164752.0
008 260306t2014||||xx |||||||||||||| ||spa||
041 _aESP
082 _a001.42
_bO74 2008
100 _aOrtiz Uribe, Frida Gisela
_eAUT
245 0 _aMetodología de la investigación:
_bel proceso y sus técnicas
260 _c2014
300 _a
_c
650 _aGEN
654 _aCHU
942 _cLIB
_dJUS
_fJUS
_2ddc
_n
999 _c13314
_d13314